Comercio minoristas tradicional (Registro nro. 17646)

Detalles MARC
000 -LEADER
fixed length control field 00450 a2200145 4500
001 - CONTROL NUMBER
control field ART_29462
005 - DATE AND TIME OF LATEST TRANSACTION
control field 20260410161729.0
008 - FIXED-LENGTH DATA ELEMENTS--GENERAL INFORMATION
fixed length control field 260409a
100 1# - MAIN ENTRY--PERSONAL NAME
Personal name Kosiak de Gesualdo, Graciela
245 10 - TITLE STATEMENT
Title Comercio minoristas tradicional
700 1# - ADDED ENTRY--PERSONAL NAME
Personal name Etcheverría, María Belén
700 1# - ADDED ENTRY--PERSONAL NAME
Personal name Modesto, María Florencia
700 1# - ADDED ENTRY--PERSONAL NAME
Personal name Gesualdo, Gabriela
773 0# - HOST ITEM ENTRY
Title Ciencias económicas
Related parts - Año 11, Vol. 1 (ene. 2014)
Record control number REV2567

No hay ítems disponibles.